[Event "MBF Group OPEN D"]
[Site "?"]
[Date "2022.12.11"]
[Round "13.1"]
[White "Seemann, Jakub"]
[Black "Janik, Igor"]
[Result "0-1"]
[BlackElo "2455"]
[WhiteElo "2275"]
[LiveChessVersion "1.4.8"]

1. d4 {[%clk 0:03:04]} Nf6 {[%clk 0:03:04]} 2. c4 {[%clk 0:03:05]} e6
{[%clk 0:03:05]} 3. Nf3 {[%clk 0:03:05]} b6 {[%clk 0:03:06]} 4. g3
{[%clk 0:03:04]} Bb7 {[%clk 0:03:03]} 5. Bg2 {[%clk 0:03:04]} Bb4+
{[%clk 0:03:04]} 6. Bd2 {[%clk 0:03:04]} a5 {[%clk 0:03:04]} 7. O-O
{[%clk 0:03:03]} O-O {[%clk 0:02:57]} 8. Qc2 {[%clk 0:02:50]} Qc8
{[%clk 0:02:40]} 9. Nc3 {[%clk 0:02:47]} Bxc3 {[%clk 0:02:41]} 10. Bxc3
{[%clk 0:02:46]} Be4 {[%clk 0:02:41]} 11. Qd2 {[%clk 0:02:41]} d5
{[%clk 0:02:35]} 12. cxd5 {[%clk 0:02:31]} exd5 {[%clk 0:02:31]} 13. Rac1
{[%clk 0:02:22]} Nbd7 {[%clk 0:02:17]} 14. Qf4 {[%clk 0:02:20]} Qb7
{[%clk 0:02:11]} 15. Bh3 {[%clk 0:02:10]} Rad8 {[%clk 0:01:43]} 16. Ne5
{[%clk 0:02:01]} Bg6 {[%clk 0:01:33]} 17. f3 {[%clk 0:01:37]} Rfe8
{[%clk 0:01:27]} 18. Rfe1 {[%clk 0:01:16]} Nf8 {[%clk 0:01:26]} 19. Qh4
{[%clk 0:01:07]} c5 {[%clk 0:01:13]} 20. Red1 {[%clk 0:00:49]} c4
{[%clk 0:00:33]} 21. b3 {[%clk 0:00:47]} cxb3 {[%clk 0:00:28]} 22. axb3
{[%clk 0:00:48]} Ne6 {[%clk 0:00:28]} 23. Bb2 {[%clk 0:00:37]} Rc8
{[%clk 0:00:29]} 24. e3 {[%clk 0:00:31]} Rxc1 {[%clk 0:00:30]} 25. Rxc1
{[%clk 0:00:33]} Rc8 {[%clk 0:00:31]} 26. g4 {[%clk 0:00:26]} Rxc1+ 27. Bxc1
{[%clk 0:00:28]} Qc8 {[%clk 0:00:34]} 28. Qe1 {[%clk 0:00:28]} Qc2
{[%clk 0:00:31]} 29. Bf1 {[%clk 0:00:11]} Qxb3 {[%clk 0:00:16]} 30. h4
{[%clk 0:00:13]} Bb1 {[%clk 0:00:14]} 31. g5 {[%clk 0:00:09]} Ne8
{[%clk 0:00:16]} 32. f4 {[%clk 0:00:08]} Be4 {[%clk 0:00:16]} 33. Bh3
{[%clk 0:00:08]} Qc2 {[%clk 0:00:12]} 34. f5 {[%clk 0:00:08]} Nf8
{[%clk 0:00:12]} 35. g6 {[%clk 0:00:08]} hxg6 {[%clk 0:00:12]} 36. fxg6
{[%clk 0:00:09]} Nxg6 {[%clk 0:00:13]} 37. Nxg6 {[%clk 0:00:05]} Bxg6
{[%clk 0:00:14]} 38. Ba3 {[%clk 0:00:05]} Nf6 {[%clk 0:00:13]} 39. Qg3
{[%clk 0:00:05]} Qb1+ {[%clk 0:00:13]} 40. Bf1 {[%clk 0:00:05]} Bd3
{[%clk 0:00:14]} 0-1

[Event "MBF Group OPEN D"]
[Site "?"]
[Date "2022.12.11"]
[Round "13.2"]
[White "Cyfka, Karina"]
[Black "Teclaf, Pawel"]
[Result "0-1"]
[BlackElo "2553"]
[WhiteElo "2282"]
[LiveChessVersion "1.4.8"]

1. d4 {[%clk 0:03:03]} e6 {[%clk 0:03:03]} 2. Nf3 {[%clk 0:03:01]} c5
{[%clk 0:03:04]} 3. e3 {[%clk 0:03:00]} Nf6 {[%clk 0:03:05]} 4. c4
{[%clk 0:02:58]} cxd4 {[%clk 0:03:01]} 5. exd4 {[%clk 0:02:58]} b6
{[%clk 0:03:03]} 6. a3 {[%clk 0:02:54]} Bb7 {[%clk 0:03:00]} 7. Nc3
{[%clk 0:02:55]} Be7 {[%clk 0:02:43]} 8. d5 {[%clk 0:02:51]} exd5
{[%clk 0:02:24]} 9. cxd5 {[%clk 0:02:45]} d6 {[%clk 0:02:23]} 10. Bb5+
{[%clk 0:02:41]} Nbd7 {[%clk 0:02:23]} 11. O-O {[%clk 0:02:41]} O-O
{[%clk 0:02:21]} 12. Re1 {[%clk 0:02:37]} Rc8 {[%clk 0:01:51]} 13. Bg5
{[%clk 0:02:16]} h6 {[%clk 0:01:41]} 14. Bh4 {[%clk 0:02:14]} a6 {[%clk 0:01:41]}
15. Bf1 {[%clk 0:02:13]} Re8 {[%clk 0:01:34]} 16. Rc1 {[%clk 0:02:12]} Nf8
{[%clk 0:01:26]} 17. Bg3 {[%clk 0:02:03]} Nh5 {[%clk 0:01:22]} 18. Nd4
{[%clk 0:02:02]} Nxg3 {[%clk 0:01:22]} 19. hxg3 {[%clk 0:02:02]} Bf6
{[%clk 0:00:50]} 20. Nc6 {[%clk 0:01:55]} Bxc6 {[%clk 0:00:41]} 21. dxc6
{[%clk 0:01:55]} Rxe1 {[%clk 0:00:42]} 22. Qxe1 {[%clk 0:01:56]} Rxc6
{[%clk 0:00:43]} 23. Bxa6 {[%clk 0:01:47]} d5 {[%clk 0:00:43]} 24. Bb5
{[%clk 0:01:27]} Rd6 {[%clk 0:00:43]} 25. Bd3 {[%clk 0:01:28]} g6
{[%clk 0:00:39]} 26. b4 {[%clk 0:01:17]} Kg7 {[%clk 0:00:39]} 27. Nb5
{[%clk 0:01:17]} Rd7 {[%clk 0:00:40]} 28. Rd1 {[%clk 0:01:10]} Ne6
{[%clk 0:00:40]} 29. Qd2 {[%clk 0:01:01]} h5 {[%clk 0:00:41]} 30. a4
{[%clk 0:00:56]} Qa8 {[%clk 0:00:34]} 31. a5 {[%clk 0:00:55]} bxa5
{[%clk 0:00:35]} 32. bxa5 {[%clk 0:00:57]} Nc5 {[%clk 0:00:36]} 33. Bf1
{[%clk 0:00:42]} Nb3 {[%clk 0:00:29]} 34. Qb4 {[%clk 0:00:43]} Nxa5
{[%clk 0:00:28]} 35. Nd4 {[%clk 0:00:40]} Nc6 {[%clk 0:00:26]} 36. Nxc6
{[%clk 0:00:39]} Qxc6 {[%clk 0:00:27]} 37. Qb5 {[%clk 0:00:29]} Qxb5
{[%clk 0:00:19]} 38. Bxb5 {[%clk 0:00:30]} Rd6 {[%clk 0:00:21]} 39. Kf1
{[%clk 0:00:26]} Bc3 {[%clk 0:00:22]} 40. Bd3 {[%clk 0:00:26]} Kf6
{[%clk 0:00:19]} 41. Rb1 {[%clk 0:00:26]} Ke5 {[%clk 0:00:19]} 42. Rb7
{[%clk 0:00:24]} Kd4 {[%clk 0:00:20]} 43. Bc2 {[%clk 0:00:21]} Re6
{[%clk 0:00:20]} 44. Rb1 {[%clk 0:00:17]} Bd2 {[%clk 0:00:19]} 45. Bb3
{[%clk 0:00:16]} Rd6 {[%clk 0:00:12]} 46. Rd1 {[%clk 0:00:14]} Kc3
{[%clk 0:00:13]} 47. Ba4 {[%clk 0:00:13]} d4 {[%clk 0:00:14]} 48. Be8
{[%clk 0:00:11]} f5 {[%clk 0:00:15]} 49. Bb5 {[%clk 0:00:07]} d3 {[%clk 0:00:15]}
50. Ra1 {[%clk 0:00:07]} Kb4 {[%clk 0:00:10]} 51. Rb1+ {[%clk 0:00:07]} Kc3
{[%clk 0:00:10]} 52. Ra1 {[%clk 0:00:08]} Kb2 {[%clk 0:00:09]} 53. Rd1
{[%clk 0:00:07]} Kc2 {[%clk 0:00:11]} 54. Ba4+ {[%clk 0:00:09]} Kc3
{[%clk 0:00:12]} 55. Bb5 {[%clk 0:00:07]} Rb6 {[%clk 0:00:08]} 56. Rb1
{[%clk 0:00:09]} Re6 {[%clk 0:00:10]} 57. Ba4 {[%clk 0:00:08]} Bh6
{[%clk 0:00:09]} 58. Rb3+ {[%clk 0:00:06]} Kc4 {[%clk 0:00:09]} 59. Rb1
{[%clk 0:00:04]} Re7 {[%clk 0:00:10]} 60. Bb5+ {[%clk 0:00:04]} Kc3
{[%clk 0:00:10]} 61. Rd1 {[%clk 0:00:05]} d2 {[%clk 0:00:11]} 62. Be2
{[%clk 0:00:05]} Kc2 {[%clk 0:00:12]} 63. Ra1 {[%clk 0:00:03]} Bg7
{[%clk 0:00:09]} 0-1

[Event "MBF Group OPEN D"]
[Site "?"]
[Date "2022.12.11"]
[Round "13.3"]
[White "Maltsevskaya, Aleksandra"]
[Black "Dziuba, Marcin"]
[Result "0-1"]
[BlackElo "2469"]
[WhiteElo "2296"]
[LiveChessVersion "1.4.8"]

1. e4 {[%clk 0:03:03]} c5 {[%clk 0:03:03]} 2. Nf3 {[%clk 0:03:03]} d6
{[%clk 0:03:05]} 3. d4 {[%clk 0:03:04]} cxd4 {[%clk 0:03:06]} 4. Nxd4
{[%clk 0:03:05]} Nf6 {[%clk 0:03:06]} 5. Nc3 {[%clk 0:03:06]} Nc6
{[%clk 0:03:08]} 6. Bg5 {[%clk 0:03:07]} e6 {[%clk 0:03:09]} 7. Qd2
{[%clk 0:03:05]} a6 {[%clk 0:03:09]} 8. O-O-O {[%clk 0:03:04]} Bd7
{[%clk 0:03:10]} 9. h4 {[%clk 0:03:03]} Be7 {[%clk 0:03:03]} 10. f3
{[%clk 0:03:02]} Nxd4 {[%clk 0:02:41]} 11. Qxd4 {[%clk 0:03:02]} Qc7
{[%clk 0:02:42]} 12. Qd2 {[%clk 0:02:29]} b5 {[%clk 0:02:25]} 13. a3
{[%clk 0:02:28]} Rb8 {[%clk 0:02:10]} 14. Bf4 {[%clk 0:02:26]} Rb6
{[%clk 0:01:33]} 15. g4 {[%clk 0:02:27]} a5 {[%clk 0:01:21]} 16. g5
{[%clk 0:02:20]} Nh5 {[%clk 0:01:22]} 17. Be3 {[%clk 0:02:21]} Rb8
{[%clk 0:01:23]} 18. Rg1 {[%clk 0:01:54]} b4 {[%clk 0:01:23]} 19. Nb1
{[%clk 0:01:42]} O-O {[%clk 0:01:15]} 20. f4 {[%clk 0:01:39]} Rfc8
{[%clk 0:01:14]} 21. Be2 {[%clk 0:01:37]} g6 {[%clk 0:01:13]} 22. Bxh5
{[%clk 0:01:27]} gxh5 {[%clk 0:01:14]} 23. f5 {[%clk 0:01:28]} exf5
{[%clk 0:01:08]} 24. Bd4 {[%clk 0:01:29]} fxe4 {[%clk 0:00:29]} 25. Rg2
{[%clk 0:01:30]} Bg4 {[%clk 0:00:28]} 26. g6 {[%clk 0:01:24]} fxg6
{[%clk 0:00:23]} 27. Rf1 {[%clk 0:01:18]} Rf8 {[%clk 0:00:21]} 28. Rfg1
{[%clk 0:01:15]} Qc4 {[%clk 0:00:16]} 29. b3 {[%clk 0:01:04]} Qe6
{[%clk 0:00:14]} 30. axb4 {[%clk 0:00:59]} axb4 {[%clk 0:00:16]} 31. Qe3
{[%clk 0:00:55]} Bxh4 {[%clk 0:00:16]} 32. Nd2 {[%clk 0:00:56]} Bf6
{[%clk 0:00:16]} 33. Nxe4 {[%clk 0:00:51]} Bxd4 {[%clk 0:00:16]} 34. Qxd4
{[%clk 0:00:52]} Qe5 {[%clk 0:00:15]} 35. Qxe5 {[%clk 0:00:11]} dxe5
{[%clk 0:00:16]} 36. Rd2 {[%clk 0:00:11]} Rbd8 {[%clk 0:00:17]} 37. c4
{[%clk 0:00:07]} bxc3 {[%clk 0:00:13]} 38. Rxd8 {[%clk 0:00:06]} Rxd8
{[%clk 0:00:14]} 39. Nxc3 0-1

[Event "MBF Group OPEN D"]
[Site "?"]
[Date "2022.12.11"]
[Round "13.4"]
[White "Gdanski, Jacek"]
[Black "Socko, Bartosz"]
[Result "0-1"]
[BlackElo "2527"]
[WhiteElo "2366"]
[LiveChessVersion "1.4.8"]

1. e4 {[%clk 0:03:03]} e6 {[%clk 0:03:04]} 2. d4 {[%clk 0:03:05]} d5
{[%clk 0:03:05]} 3. Nc3 {[%clk 0:03:06]} Bb4 4. e5 Ne7 {[%clk 0:03:07]} 5. a3
{[%clk 0:03:09]} Bxc3+ {[%clk 0:03:08]} 6. bxc3 {[%clk 0:03:09]} c5
{[%clk 0:03:09]} 7. Qg4 {[%clk 0:03:08]} Kf8 {[%clk 0:03:10]} 8. Qd1
{[%clk 0:03:08]} Qa5 {[%clk 0:03:11]} 9. Bd2 {[%clk 0:03:09]} Qa4
{[%clk 0:03:13]} 10. Nf3 {[%clk 0:03:00]} b6 {[%clk 0:03:14]} 11. dxc5
{[%clk 0:02:57]} bxc5 {[%clk 0:03:13]} 12. Bd3 {[%clk 0:02:58]} Ba6
{[%clk 0:03:10]} 13. O-O {[%clk 0:02:59]} Nd7 {[%clk 0:03:04]} 14. Rb1
{[%clk 0:02:53]} Nc6 {[%clk 0:03:01]} 15. Bf4 0-1

[Event "MBF Group OPEN D"]
[Site "?"]
[Date "2022.12.11"]
[Round "13.5"]
[White "Krzyzanowski, Marcin"]
[Black "Socko, Monika"]
[Result "1-0"]
[BlackElo "2335"]
[WhiteElo "2435"]
[LiveChessVersion "1.4.8"]

1. Nf3 {[%clk 0:03:02]} d5 {[%clk 0:03:03]} 2. g3 {[%clk 0:03:03]} c5
{[%clk 0:03:03]} 3. Bg2 {[%clk 0:02:58]} Nc6 {[%clk 0:03:04]} 4. c4
{[%clk 0:02:53]} d4 {[%clk 0:03:05]} 5. O-O {[%clk 0:02:50]} g6 {[%clk 0:03:06]}
6. e3 {[%clk 0:02:46]} Bg7 {[%clk 0:03:07]} 7. exd4 {[%clk 0:02:47]} cxd4
{[%clk 0:03:06]} 8. d3 {[%clk 0:02:47]} e5 {[%clk 0:03:06]} 9. Re1
{[%clk 0:02:48]} Nge7 {[%clk 0:03:07]} 10. b4 {[%clk 0:02:47]} Nxb4
{[%clk 0:02:51]} 11. Nxe5 {[%clk 0:02:30]} O-O {[%clk 0:02:52]} 12. Ba3
{[%clk 0:02:13]} a5 {[%clk 0:02:47]} 13. Nd2 {[%clk 0:02:06]} Bf5
{[%clk 0:02:34]} 14. Qb3 {[%clk 0:01:51]} Nec6 {[%clk 0:02:14]} 15. Nxc6
{[%clk 0:01:49]} bxc6 {[%clk 0:02:15]} 16. Bxb4 {[%clk 0:01:47]} axb4
{[%clk 0:02:15]} 17. Bxc6 {[%clk 0:01:41]} Ra3 {[%clk 0:02:16]} 18. Qxb4
{[%clk 0:01:39]} Rxd3 {[%clk 0:02:17]} 19. Nb3 {[%clk 0:01:36]} Rc3
{[%clk 0:02:03]} 20. Rad1 {[%clk 0:01:29]} d3 {[%clk 0:01:45]} 21. Be4
{[%clk 0:01:25]} Bxe4 {[%clk 0:01:21]} 22. Rxe4 {[%clk 0:01:26]} Rc2
{[%clk 0:01:22]} 23. c5 {[%clk 0:01:09]} Rxa2 {[%clk 0:01:15]} 24. Qc4
{[%clk 0:01:05]} Qf6 {[%clk 0:00:13]} 25. Rf4 {[%clk 0:01:06]} Qb2
{[%clk 0:00:14]} 26. Rxd3 {[%clk 0:00:56]} Qb1+ {[%clk 0:00:16]} 27. Kg2
{[%clk 0:00:49]} Rc2 {[%clk 0:00:17]} 28. Qd5 {[%clk 0:00:47]} Qa2
{[%clk 0:00:17]} 29. Rdf3 {[%clk 0:00:39]} Qa7 {[%clk 0:00:12]} 30. h4
{[%clk 0:00:36]} Bh6 {[%clk 0:00:11]} 31. Re4 {[%clk 0:00:28]} Bg7
{[%clk 0:00:11]} 32. h5 {[%clk 0:00:29]} gxh5 {[%clk 0:00:09]} 33. Qxh5
{[%clk 0:00:28]} Qd7 {[%clk 0:00:05]} 34. Rg4 {[%clk 0:00:24]} Kh8
{[%clk 0:00:06]} 35. Rh4 {[%clk 0:00:19]} h6 {[%clk 0:00:07]} 36. Rhf4
{[%clk 0:00:19]} Qe6 {[%clk 0:00:07]} 37. Nd4 {[%clk 0:00:17]} Bxd4
{[%clk 0:00:07]} 38. Rxd4 {[%clk 0:00:18]} Rc8 {[%clk 0:00:09]} 39. Rd6
{[%clk 0:00:19]} Qe4 {[%clk 0:00:07]} 40. Rxh6+ {[%clk 0:00:18]} Kg8
{[%clk 0:00:08]} 41. Rh8+ {[%clk 0:00:19]} Kg7 {[%clk 0:00:10]} 42. Qh6#
{[%clk 0:00:19]} 1-0

[Event "MBF Group OPEN D"]
[Site "?"]
[Date "2022.12.11"]
[Round "13.6"]
[White "Golubka, Petro"]
[Black "Malik, Maciej"]
[Result "1-0"]
[BlackElo "1951"]
[WhiteElo "2408"]
[LiveChessVersion "1.4.8"]

1. e4 {[%clk 0:03:00]} c5 {[%clk 0:03:01]} 2. b3 {[%clk 0:03:00]} b6
{[%clk 0:03:00]} 3. Bb2 {[%clk 0:02:59]} Bb7 {[%clk 0:03:02]} 4. Nc3
{[%clk 0:03:01]} Nc6 {[%clk 0:03:01]} 5. g3 {[%clk 0:02:58]} e6 {[%clk 0:02:50]}
6. Bg2 {[%clk 0:02:56]} a6 {[%clk 0:02:45]} 7. Nge2 Qc7 8. O-O {[%clk 0:02:45]}
h5 {[%clk 0:02:43]} 9. h3 {[%clk 0:02:39]} Nf6 {[%clk 0:02:24]} 10. f4
{[%clk 0:02:31]} Nd4 {[%clk 0:02:22]} 11. d3 {[%clk 0:02:24]} O-O-O
{[%clk 0:02:12]} 12. Nxd4 {[%clk 0:02:20]} cxd4 {[%clk 0:02:12]} 13. Ne2
{[%clk 0:02:21]} Bc5 {[%clk 0:02:12]} 14. Bxd4 {[%clk 0:02:03]} Bxd4+
{[%clk 0:02:12]} 15. Nxd4 {[%clk 0:02:04]} Qc5 {[%clk 0:02:13]} 16. c3
{[%clk 0:02:06]} Kb8 {[%clk 0:02:14]} 17. Rc1 {[%clk 0:01:48]} a5
{[%clk 0:02:12]} 18. Qd2 {[%clk 0:01:42]} Rhg8 {[%clk 0:02:07]} 19. a3
{[%clk 0:01:39]} e5 {[%clk 0:01:41]} 20. b4 {[%clk 0:01:38]} Qc7 {[%clk 0:01:43]}
21. fxe5 {[%clk 0:01:33]} Qxe5 {[%clk 0:01:39]} 22. Qf4 {[%clk 0:01:33]} d6
{[%clk 0:01:40]} 23. Rb1 {[%clk 0:01:26]} a4 {[%clk 0:01:41]} 24. Rbd1
{[%clk 0:01:16]} Rc8 {[%clk 0:01:38]} 25. Ne2 {[%clk 0:01:17]} Qe7
{[%clk 0:01:30]} 26. c4 {[%clk 0:01:16]} Ka8 {[%clk 0:01:17]} 27. Nc3
{[%clk 0:01:16]} Qd7 {[%clk 0:01:08]} 28. b5 {[%clk 0:01:13]} Ka7
{[%clk 0:00:41]} 29. Nxa4 {[%clk 0:01:14]} Qe7 {[%clk 0:00:41]} 30. Qf2
{[%clk 0:01:11]} Nd7 {[%clk 0:00:42]} 31. Qxf7 {[%clk 0:01:11]} Qd8
{[%clk 0:00:39]} 32. Qf2 {[%clk 0:01:03]} Ne5 {[%clk 0:00:39]} 33. Nc3
{[%clk 0:01:00]} g5 {[%clk 0:00:38]} 34. a4 {[%clk 0:01:01]} Kb8 {[%clk 0:00:38]}
35. Qe3 {[%clk 0:00:54]} Qc7 {[%clk 0:00:31]} 36. Rf5 {[%clk 0:00:53]} g4
{[%clk 0:00:25]} 37. h4 {[%clk 0:00:53]} Nf3+ {[%clk 0:00:24]} 38. Kf2
{[%clk 0:00:43]} Rcf8 {[%clk 0:00:24]} 39. Bxf3 {[%clk 0:00:41]} Rxf5
{[%clk 0:00:23]} 40. exf5 {[%clk 0:00:42]} Bxf3 {[%clk 0:00:23]} 41. Re1
{[%clk 0:00:43]} Rg7 {[%clk 0:00:10]} 42. Ne4 {[%clk 0:00:39]} Rf7
{[%clk 0:00:10]} 43. Qf4 {[%clk 0:00:34]} Kb7 {[%clk 0:00:07]} 44. Nxd6+
{[%clk 0:00:33]} Ka7 {[%clk 0:00:08]} 45. Nxf7 {[%clk 0:00:31]} Qxf7
{[%clk 0:00:09]} 46. Re6 {[%clk 0:00:27]} Qd7 {[%clk 0:00:10]} 47. d4
{[%clk 0:00:26]} Ba8 {[%clk 0:00:07]} 48. d5 {[%clk 0:00:26]} Qc8
{[%clk 0:00:07]} 49. Qd4 {[%clk 0:00:23]} Qd8 {[%clk 0:00:06]} 50. a5
{[%clk 0:00:24]} Bb7 {[%clk 0:00:06]} 51. Qxb6+ {[%clk 0:00:24]} 1-0

[Event "MBF Group OPEN D"]
[Site "?"]
[Date "2022.12.11"]
[Round "13.7"]
[White "Razin, Vadim"]
[Black "Kyc, Jerzy"]
[Result "0-1"]
[BlackElo "2363"]
[WhiteElo "2344"]
[LiveChessVersion "1.4.8"]

1. d4 {[%clk 0:03:04]} Nf6 {[%clk 0:03:02]} 2. Nf3 {[%clk 0:03:05]} g6
{[%clk 0:03:03]} 3. Nc3 {[%clk 0:03:06]} d5 {[%clk 0:03:05]} 4. Bf4
{[%clk 0:03:03]} Bg7 {[%clk 0:03:05]} 5. e3 {[%clk 0:03:03]} O-O {[%clk 0:03:06]}
6. h3 {[%clk 0:02:51]} c5 {[%clk 0:03:07]} 7. Nb5 {[%clk 0:02:29]} a6
{[%clk 0:02:28]} 8. Nc7 {[%clk 0:02:11]} Ra7 {[%clk 0:02:30]} 9. Nxd5
{[%clk 0:02:07]} Nxd5 {[%clk 0:02:28]} 10. Bxb8 {[%clk 0:02:08]} Ra8
{[%clk 0:02:30]} 11. Be5 {[%clk 0:02:04]} f6 {[%clk 0:02:06]} 12. Bh2
{[%clk 0:01:55]} Be6 {[%clk 0:02:01]} 13. e4 {[%clk 0:01:37]} Nb6
{[%clk 0:01:44]} 14. d5 {[%clk 0:01:37]} Bf7 {[%clk 0:01:45]} 15. c4
{[%clk 0:01:37]} e5 {[%clk 0:01:43]} 16. Bd3 {[%clk 0:01:30]} Nc8
{[%clk 0:01:44]} 17. O-O {[%clk 0:01:24]} Nd6 {[%clk 0:01:45]} 18. Qc2
{[%clk 0:01:21]} b5 {[%clk 0:01:46]} 19. b3 {[%clk 0:01:15]} Rc8 {[%clk 0:01:43]}
20. a4 {[%clk 0:01:11]} bxc4 {[%clk 0:01:39]} 21. bxc4 {[%clk 0:01:11]} Rb8
{[%clk 0:01:40]} 22. Rfb1 {[%clk 0:01:02]} Qc7 {[%clk 0:01:31]} 23. Kh1
{[%clk 0:00:36]} a5 {[%clk 0:01:31]} 24. Nd2 {[%clk 0:00:30]} Rb4
{[%clk 0:01:32]} 25. Rxb4 {[%clk 0:00:30]} axb4 {[%clk 0:01:33]} 26. f3
{[%clk 0:00:30]} Ra8 {[%clk 0:01:32]} 27. Nb3 {[%clk 0:00:30]} f5
{[%clk 0:01:04]} 28. a5 {[%clk 0:00:28]} fxe4 {[%clk 0:01:04]} 29. fxe4
{[%clk 0:00:29]} Ra6 {[%clk 0:01:02]} 30. Bg1 {[%clk 0:00:28]} Nb7
{[%clk 0:01:03]} 31. Be3 {[%clk 0:00:28]} Bf8 {[%clk 0:01:00]} 32. Qf2
{[%clk 0:00:23]} Be7 {[%clk 0:00:53]} 33. Rf1 {[%clk 0:00:23]} Rf6
{[%clk 0:00:54]} 34. Qe1 {[%clk 0:00:16]} Rxf1+ {[%clk 0:00:54]} 35. Qxf1 Nxa5
36. Nxa5 {[%clk 0:00:06]} Qxa5 {[%clk 0:00:55]} 37. d6 {[%clk 0:00:06]} Bxd6
{[%clk 0:00:54]} 38. Qf6 {[%clk 0:00:07]} Bf8 {[%clk 0:00:40]} 39. Qxe5
{[%clk 0:00:08]} b3 {[%clk 0:00:39]} 40. Kh2 {[%clk 0:00:04]} Qb6
{[%clk 0:00:36]} 41. Bc1 {[%clk 0:00:03]} Bd6 {[%clk 0:00:36]} 0-1

[Event "MBF Group OPEN D"]
[Site "?"]
[Date "2022.12.11"]
[Round "13.8"]
[White "Kowalski, Igor"]
[Black "Lewtak, Damian"]
[Result "1-0"]
[BlackElo "2330"]
[WhiteElo "2334"]
[LiveChessVersion "1.4.8"]

1. e4 {[%clk 0:03:03]} g6 {[%clk 0:03:03]} 2. d4 {[%clk 0:03:04]} Bg7
{[%clk 0:03:04]} 3. Nc3 {[%clk 0:03:05]} b6 {[%clk 0:03:05]} 4. Be3
{[%clk 0:03:05]} Bb7 {[%clk 0:03:06]} 5. Qd2 {[%clk 0:03:06]} d6 {[%clk 0:03:07]}
6. f3 {[%clk 0:03:06]} Nd7 {[%clk 0:03:08]} 7. h4 {[%clk 0:03:07]} h6
{[%clk 0:03:09]} 8. O-O-O {[%clk 0:03:05]} e5 {[%clk 0:03:08]} 9. g4
{[%clk 0:03:00]} exd4 {[%clk 0:03:04]} 10. Bxd4 {[%clk 0:03:01]} Bxd4
{[%clk 0:03:04]} 11. Qxd4 {[%clk 0:03:02]} Qf6 {[%clk 0:03:04]} 12. Qd2
{[%clk 0:02:55]} Ne7 {[%clk 0:02:56]} 13. f4 {[%clk 0:02:45]} O-O-O
{[%clk 0:02:51]} 14. Bg2 {[%clk 0:02:46]} g5 {[%clk 0:02:41]} 15. hxg5
{[%clk 0:02:44]} hxg5 {[%clk 0:02:42]} 16. fxg5 {[%clk 0:02:44]} Qg7
{[%clk 0:02:33]} 17. Nf3 {[%clk 0:02:28]} Ng6 {[%clk 0:02:32]} 18. Nd4
{[%clk 0:02:27]} Qe5 {[%clk 0:02:19]} 19. Nf5 {[%clk 0:02:20]} Kb8
{[%clk 0:01:58]} 20. Nh6 {[%clk 0:01:08]} Rh7 {[%clk 0:01:59]} 21. Rhf1
{[%clk 0:01:07]} Bc8 {[%clk 0:01:20]} 22. Nxf7 {[%clk 0:01:04]} 1-0

[Event "MBF Group OPEN D"]
[Site "?"]
[Date "2022.12.11"]
[Round "13.9"]
[White "Lewicki, Miroslaw"]
[Black "Posluszny, Tomasz"]
[Result "1-0"]
[BlackElo "1894"]
[WhiteElo "2191"]
[LiveChessVersion "1.4.8"]

1. e4 {[%clk 0:03:03]} e5 {[%clk 0:03:03]} 2. Nf3 {[%clk 0:03:04]} Nc6
{[%clk 0:03:05]} 3. Bb5 {[%clk 0:03:05]} a6 {[%clk 0:03:03]} 4. Ba4
{[%clk 0:03:06]} Nf6 {[%clk 0:02:56]} 5. d3 {[%clk 0:03:07]} b5 {[%clk 0:02:56]}
6. Bb3 {[%clk 0:03:07]} Be7 {[%clk 0:02:57]} 7. O-O {[%clk 0:03:07]} O-O
{[%clk 0:02:56]} 8. c3 {[%clk 0:03:08]} d5 {[%clk 0:02:36]} 9. Qe2
{[%clk 0:03:04]} d4 {[%clk 0:02:31]} 10. cxd4 {[%clk 0:03:02]} exd4
{[%clk 0:02:19]} 11. e5 {[%clk 0:02:48]} Nd5 {[%clk 0:01:51]} 12. Qe4
{[%clk 0:02:48]} Be6 {[%clk 0:01:52]} 13. Nxd4 {[%clk 0:02:43]} Nxd4
{[%clk 0:01:53]} 14. Qxd4 {[%clk 0:02:43]} Nb4 {[%clk 0:01:54]} 15. Qc3
{[%clk 0:01:43]} Bxb3 {[%clk 0:01:31]} 16. axb3 {[%clk 0:01:44]} c5
{[%clk 0:01:01]} 17. Rd1 {[%clk 0:01:40]} Qd5 {[%clk 0:01:03]} 18. d4
{[%clk 0:00:49]} cxd4 {[%clk 0:00:57]} 19. Rxd4 {[%clk 0:00:49]} Qxe5
{[%clk 0:00:43]} 20. Rxb4 {[%clk 0:00:29]} Qxc3 {[%clk 0:00:07]} 21. bxc3
{[%clk 0:00:30]} Bxb4 {[%clk 0:00:08]} 22. cxb4 {[%clk 0:00:31]} Rfe8
{[%clk 0:00:05]} 23. Be3 {[%clk 0:00:31]} Rac8 {[%clk 0:00:05]} 24. Nd2
{[%clk 0:00:24]} Rc6 {[%clk 0:00:04]} 25. Nf3 {[%clk 0:00:23]} Rc3
{[%clk 0:00:05]} 26. Nd4 {[%clk 0:00:22]} f5 {[%clk 0:00:05]} 27. g3
{[%clk 0:00:22]} g6 {[%clk 0:00:04]} 28. Rxa6 {[%clk 0:00:21]} Kf7
{[%clk 0:00:04]} 29. Rb6 {[%clk 0:00:22]} Rec8 {[%clk 0:00:04]} 30. Rxb5
{[%clk 0:00:20]} R3c7 {[%clk 0:00:03]} 31. Rb6 {[%clk 0:00:20]} Kg7
{[%clk 0:00:04]} 32. Ne6+ 1-0

[Event "MBF Group OPEN D"]
[Site "?"]
[Date "2022.12.11"]
[Round "13.10"]
[White "Jaracz, Pawel"]
[Black "Marciniak, Leonard"]
[Result "1-0"]
[BlackElo "1749"]
[WhiteElo "2460"]
[LiveChessVersion "1.4.8"]

1. Nf3 {[%clk 0:03:03]} d5 {[%clk 0:03:01]} 2. b4 {[%clk 0:03:04]} c6
{[%clk 0:02:58]} 3. e3 {[%clk 0:03:04]} Nf6 {[%clk 0:02:58]} 4. Bb2
{[%clk 0:03:05]} Bf5 {[%clk 0:02:58]} 5. Be2 {[%clk 0:03:04]} e6 {[%clk 0:02:58]}
6. O-O {[%clk 0:03:04]} Bxb4 {[%clk 0:02:45]} 7. Nh4 {[%clk 0:02:57]} Bg6
{[%clk 0:02:44]} 8. d3 {[%clk 0:02:58]} Be7 {[%clk 0:02:45]} 9. f4
{[%clk 0:02:57]} Qb6 {[%clk 0:02:38]} 10. Qc1 {[%clk 0:02:53]} h5
{[%clk 0:02:05]} 11. Nxg6 {[%clk 0:02:52]} fxg6 {[%clk 0:02:05]} 12. h3
{[%clk 0:02:47]} h4 {[%clk 0:01:56]} 13. Bf3 {[%clk 0:02:35]} Nbd7
{[%clk 0:01:55]} 14. a4 {[%clk 0:02:17]} Bc5 {[%clk 0:01:51]} 15. Re1
{[%clk 0:02:10]} Qc7 {[%clk 0:01:49]} 16. Nd2 {[%clk 0:01:58]} O-O-O
{[%clk 0:01:26]} 17. d4 {[%clk 0:01:56]} Bd6 {[%clk 0:01:24]} 18. c4
{[%clk 0:01:57]} Rde8 {[%clk 0:01:00]} 19. a5 {[%clk 0:01:57]} Kb8
{[%clk 0:00:48]} 20. Ba3 {[%clk 0:01:58]} c5 {[%clk 0:00:29]} 21. Rb1
{[%clk 0:01:52]} cxd4 {[%clk 0:00:28]} 22. exd4 {[%clk 0:01:49]} Bxf4
{[%clk 0:00:26]} 23. Qb2 {[%clk 0:01:36]} e5 {[%clk 0:00:26]} 24. cxd5
{[%clk 0:01:32]} exd4 {[%clk 0:00:21]} 25. d6 {[%clk 0:01:33]} Qc8
{[%clk 0:00:13]} 26. Rxe8 {[%clk 0:01:30]} Rxe8 {[%clk 0:00:11]} 27. Bxb7
{[%clk 0:01:31]} Be3+ {[%clk 0:00:05]} 28. Kh1 {[%clk 0:01:29]} Qd8
{[%clk 0:00:05]} 29. Bf3+ {[%clk 0:01:28]} Nb6 {[%clk 0:00:05]} 30. Nc4
{[%clk 0:01:27]} Rf8 1-0